| 000 | 00797nam a2200241 a 4500 | ||
|---|---|---|---|
| 003 | MX-MxUPN | ||
| 005 | 20250116063901.0 | ||
| 008 | 221020s1928 sp |||||r|||| 000 0 spa d | ||
| 040 |
_aMX-MxUPN _bspa _cMX-MxUPN |
||
| 041 | 0 | _aspa | |
| 050 | 1 | 4 |
_aLC1021 C5 _bL164 1928 |
| 100 | 1 |
_aLlopis, Rodolfo, _d1895-1983 _930635 |
|
| 245 | 1 | 3 | _aLa escuela del porvenir según Angelo Patri |
| 250 | _aSegunda edición. | ||
| 260 |
_aMadrid : _bEdiciones de La Lectura, _c1928. |
||
| 300 | _a166 páginas | ||
| 490 | 0 | _aCiencia y educación. Sección contemporánea | |
| 600 | 1 | 0 |
_aPatri, Angelo, _d1876-1965 _947173 |
| 650 | 4 |
_aEducación _9682 |
|
| 710 | 2 |
_aInstituto Nacional de Investigación Educativa (México) _epropietario anterior _928086 |
|
| 902 | _aVíctor Ruiz/201022 | ||
| 942 |
_2lcc _cLIBRO |
||
| 999 |
_c208967 _d208967 |
||